00459nam a2200145Ia 4500008004100000100002100041245009300062245002100155260005900176260000900235300001000244650001800254650001500272856002600287170221s9999 xx 000 0 und d aCarmen M. Cusack a“How the content of online pornography depicts expressed consent for insemination”  cCarmen M. Cusack bOnline Journal of Communication and Media Technologies c2016 a5 : 1 xCommunication xMedia Arts uhttp://www.ojcmt.net/